000
00246nam a2200109Ia 4500
008
240625s9999 xx 000 0 und d
041
_a
eng
082
_a
332.1 BES
100
_a
BEST PHILIP
245
_a
IMPLEMENTING VALUE AT RISK
260
_c
1999
999
_c
34912
_d
34912